Crisis económica: una propuesta franciscana
I tiakina i:
| Kaituhi matua: | |
|---|---|
| Hōputu: | Pukapuka |
| Reo: | Pāniora |
| I whakaputaina: |
Madrid
Biblioteca de Autores Cristianos
2013
|
| Putanga: | 1a. ed |
| Rangatū: | Estudios y Ensayos - BAC- Pastoral
|
| Ngā marau: | |
| Ngā Tūtohu: |
Tāpirihia he Tūtohu
Kāore He Tūtohu, Me noho koe te mea tuatahi ki te tūtohu i tēnei pūkete!
|
MARC
| LEADER | 00000cam a2200000 a 4500 | ||
|---|---|---|---|
| 001 | UCD7936 | ||
| 003 | CL-VaPUC | ||
| 008 | 170414e20130000sp |||||||||||||||||spa|d | ||
| 020 | |a 9788422016915 | ||
| 082 | 0 | 4 | |a 261.8 |b CAR |2 21 |
| 100 | 0 | |a Carbajo Núñez, Martín |e author |9 591820 | |
| 245 | 1 | 0 | |a Crisis económica: una propuesta franciscana |
| 250 | |a 1a. ed | ||
| 300 | |a 205 p | ||
| 942 | |c BK | ||
| 945 | |d 20170414 22:34:00 |a arojas | ||
| 260 | |a Madrid |b Biblioteca de Autores Cristianos |c 2013 | ||
| 650 | 0 | |a Doctrina social de la iglesia |9 257333 | |
| 650 | 7 | |a CRISIS ECONOMICA |2 CL-VaPUC |9 591821 | |
| 650 | 7 | |a LIBERALISMO ECONOMICO |2 CL-VaPUC |9 391894 | |
| 650 | 0 | |a Franciscanos |9 267404 | |
| 583 | |a last modification |c 20170414 22:34:00 |k Rodrigo Vera | ||
| 490 | 0 | |a Estudios y Ensayos - BAC- Pastoral | |
| 999 | |c 367760 |d 367758 | ||
| 952 | |0 0 |1 0 |3 erb |4 0 |6 261_800000000000000_CAR_2013 |7 0 |8 A |9 482835 |a BIBTEO |b BIBTEO |i 5372526 |o 261.8 CAR 2013 |p 5372526 |r 2025-01-17 |w 2019-11-24 |y BK |z Catalogado en:20170414 |k ICR | ||